| 000 | 00680nam a2200229 a 4500 | ||
|---|---|---|---|
| 001 | BRCA_5821 | ||
| 005 | 20190320205228.0 | ||
| 008 | 110311s1951----sp-#######---#000-0#spa-# | ||
| 041 | _aspa | ||
| 044 | _asp | ||
| 050 | 4 |
_aPC4620 _b.C37 1951 |
|
| 100 | 1 |
_aCasares, Julio _d1877- _914743 |
|
| 245 | 1 | 0 |
_aDiccionario ideológico de la lengua española _cJulio Casares. |
| 260 |
_aBarcelona, España _bGustavo Gili _c1951 |
||
| 300 |
_alxxi, 1124 p. _c24 cm. |
||
| 500 | _aDiccionario inventariado por Banco de México como libro | ||
| 500 | _aG30 | ||
| 650 | 1 | 4 |
_aEspañol _vDiccionarios _914744 |
| 650 | 1 | 4 |
_aEnciclopedias y diccionarios _99441 |
| 902 | _aGFM | ||
| 942 |
_2lcc _cB |
||
| 999 |
_c5510 _d5510 |
||